00869cam7a220024100 4500001001200000003000500012005001700017008004100034035001900075035002200094040000900116100003200125245006600157260005200223490004300275504003800318650003400356700009100390830005400481949006700535004000600602999001900608tmp15362852UPRA20190823093250.0950801s1968 gw ger u a(Sirsi) r12565 a(UPRA)tmp15362852 cUPRA1 aPflaumann, Erika.6A67378.110aFunktionalanalysis /c[by] Erika Pflaumann [and] Heinz Unger. aMannheim :bBibliographisches Institut,c[1968]1 aB.I. Hochschultaschenbucher ;v82/82 a aBibliography: v. 1, p. [233]-234. 0aFunctional analysis.6S3016.11 aUnger, H. (Heinz), 1914-qUnger, H. (Heinz), 1914-dUnger, H. (Heinz), 1914-6A67379.1 0aB. I.-Hochschultaschenbucher ;v82/82 a6S10611.1 aQA320vVOL. 1wlcci33729000242722mMAINp2500tBOOKlON-SHELF12565 c145906d145906